| 000 | 01574nam a22002417a 4500 | ||
|---|---|---|---|
| 999 |
_c6387 _d6387 |
||
| 003 | DO-SdBJH | ||
| 005 | 20210803150900.0 | ||
| 008 | 210729b ||||| |||| 00| 0 spa d | ||
| 040 |
_aDO-SdBJH _bspa _cDO-SdBJH |
||
| 090 |
_aTG ANGM _b01625 2019 |
||
| 100 | 1 |
_aRamírez Mateo, Eudy Jasiel _esustentante |
|
| 245 | 1 | 0 |
_aPropuesta para la reestructuración y modernización del Sistema Eléctrico en la Armada de República Dominicana en la zona metropolitana para el año 2020 / _c Eudy Jasiel Ramírez Mateo, Wander Daniel Capellán Encarnación, asesores Gertrudis Perera, Wellington Medina Pacheco |
| 260 |
_aSanto Domingo Este : _bINSUDE, _c2019 |
||
| 300 | _axvii, 65 páginas | ||
| 502 | _aTrabajo de grado (Licenciado en Ciencias Navales). -- Instituto Superior para la Defensa (INSUDE). Academia Naval Marina de Guerra “Vicealmirante Cesar D’Windt Lavandier”, 2019 | ||
| 504 | _aIncluye referencias bibliográficas e índices | ||
| 505 | _aSituación actual del Sistema Eléctrico de la Armada de República Dominicana en la zona metropolitana. -- Normas de diseño, construcción e instalación para redes eléctricas. -- Propuesta para la reestructuración y modernización del Sistema Eléctrico de la Armada en la zona metropolitana | ||
| 700 | 1 |
_a Capellán Encarnación, Wander Daniel _esustentante |
|
| 700 | 1 |
_aPerera, Gertrudis _easesor |
|
| 700 | 1 |
_aMedina Pacheco, Wellington _easesor |
|
| 830 | _aINSUDE. Academia Naval Marina de Guerra “Vicealmirante Cesar D’Windt Lavandier”. Tesis y disertaciones académicas | ||
| 942 |
_2CL _cT |
||